LEADER 01028nam0-22003371i-450- 001 990000427230403321 005 20061102105825.0 035 $a000042723 035 $aFED01000042723 035 $a(Aleph)000042723FED01 035 $a000042723 100 $a20020821d1996----km-y0itay50------ba 101 0 $aita 102 $aIT 105 $ay-------001yy 200 1 $aUsare per conservare progetti per Pozzuoli$fMarina Fumo$g[a cura di] Università degli studi di Napoli Federico 2. Dipartimento di Ingegneria Edile 210 $aNapoli$cStampe e Pubblicazioni$d1996 215 $a147 p.$cill.$d22 cm 610 0 $aNapoli 610 0 $aRecupero edilizio 676 $a720.28 676 $a720.457 3 700 1$aFumo,$bMarina 712 02$aUniversità degli studi di Napoli Federico II.$bDipartimento di ingegneria edile 801 0$aIT$bUNINA$gRICA$2UNIMARC 901 $aBK 912 $a990000427230403321 952 $a08 D 101$b466$fDINED 952 $a08 D 100$b465$fDINED 959 $aDINED 997 $aUNINA LEADER 01853nas 2200565- 450 001 996215149103316 005 20240129213017.0 035 $a(OCoLC)243601352 035 $a(CKB)1000000000378303 035 $a(CONSER)--2024242015 035 $a(EXLCZ)991000000000378303 100 $a20080812b20052021 --- - 101 0 $aeng 135 $aur||||||||||| 181 $ctxt$2rdacontent 182 $cc$2rdamedia 183 $acr$2rdacarrier 200 00$aLibya defence & security report 210 1$aLondon, UK :$cFitch Solutions,$d-[2021] 215 $a1 online resource 311 $a1749-1517 517 1 $aLibya defence and security report 531 $aLIBYA DEFENCE AND SECURITY REPORT 606 $aDefense industries$zLibya$vPeriodicals 606 $aDefense industries$zLibya$xForecasting$vPeriodicals 606 $aNational security$zLibya$vPeriodicals 606 $aNational security$zLibya$xForecasting$vPeriodicals 606 $aMarket surveys$zLibya$vPeriodicals 606 $aIndustrie militaire$vPériodiques 606 $aDefense industries$2fast 606 $aNational security$2fast 607 $aLibya$2fast$1https://id.oclc.org/worldcat/entity/E39QbtfRFgDcxjjgjt9WFqyvxc 608 $aperiodicals.$2aat 608 $aPeriodicals$2fast 608 $aPériodiques.$2rvmgf 608 $aSerial publications.$2lcgft 615 0$aDefense industries 615 0$aDefense industries$xForecasting 615 0$aNational security 615 0$aNational security$xForecasting 615 0$aMarket surveys 615 6$aIndustrie militaire 615 7$aDefense industries 615 7$aNational security 676 $a320 712 02$aFitch Solutions Group Ltd, 906 $aJOURNAL 912 $a996215149103316 996 $aLibya Defence & Security Report$92335178 997 $aUNISA